000 01396cam a2200349 i 4500
001 8399
003 FISKH
005 20250910144751.0
008 141104s2009 mauab 000 0 eng
010 _a 2014412488
020 _a9781424012152
_qpbk
020 _a1424012155
_qpbk
020 _a9781424011209
040 _aDLC
_beng
_erda
_cDLC
050 0 0 _aQL78.5
_b.A68 2009
082 0 0 _a597.17707309752/6
_223
100 _aWaring, Rob
245 0 0 _aAquarium on wheels /
_cRob Waring, series editor.
260 _aLondon :
_bHeinle,
_c2009.
300 _a24 pages :
_bcolor illustrations, color map ;
_c21 cm.
490 0 _aFootprint reading library
490 0 _aAmazing science
500 _aIncludes vocabulary list.
520 _aPeople often visit aquariums to see sea creatures in their natural environment, but in Baltimore, a local program brings aquarium exhibits to people. Local teenagers travel to schools and libraries to educate children about sea life and conservation. How do people react to Aquarium on Wheels? What do the teenagers learn from their work?
650 0 _aPublic marine aquariums
_zMaryland
_zBaltimore.
650 0 _aAquariums
_zMaryland
_zBaltimore.
650 0 _aEnglish language
_vTextbooks for foreign speakers.
650 0 _aReaders (Elementary)
906 _a7
_bcbc
_corignew
_d2
_encip
_f20
_gy-gencatlg
942 _2ddc
_cBK
_n0
999 _c8399
_d8399